000 00326nam a2200121Ia 4500
008 190216s9999||||xx |||||||||||||| ||und||
100 _aCareer Stuy Centre
245 0 _aAdvertising For A Carer
260 _bCentral Institute For Research &training
_c1983
300 _a30p
650 _aRecruitment Test
942 _cREF
999 _c35827
_d35827